[Event "Buenos Aires ol (Women) prel"]
[Site "Buenos Aires"]
[Date "1978.??.??"]
[Round "1.1"]
[White "Veroci, Zsuzsa"]
[Black "Hoiberg, Nina"]
[Result "1-0"]
[WhiteElo "2290"]
[BlackElo "1950"]
[PlyCount "57"]
[EventDate "1978.10.??"]
[EventType "team"]
[EventRounds "7"]
[EventCountry "ARG"]
[SourceTitle "EXT 2000"]
[Source "ChessBase"]
[SourceDate "1999.11.16"]
[SourceVersion "1"]
[SourceVersionDate "1999.11.16"]
[SourceQuality "1"]
[WhiteTeam "Ungarn"]
[BlackTeam "Danmark"]

1. e4 e5 2. Nf3 Nc6 3. Bb5 a6 4. Ba4 d6 5. Bxc6+ bxc6 6. d4 f6 7. Be3 g6 8. Qd2
Bg7 9. Nc3 Rb8 10. O-O-O Be6 11. h4 h5 12. dxe5 fxe5 13. Ng5 Bd7 14. f4 Qe7 15.
Rhf1 Nh6 16. fxe5 Bxe5 17. Nf3 Nf7 18. Nxe5 Nxe5 19. Bg5 Qh7 20. Bf6 Nc4 21.
Qd4 Be6 22. b3 c5 23. Qd3 Ne5 24. Bxe5 dxe5 25. Qxa6 Rb6 26. Qa8+ Ke7 27. Nd5+
Bxd5 28. Qxd5 Qh6+ 29. Kb1 1-0

[Event "Buenos Aires ol (Women) prel"]
[Site "Buenos Aires"]
[Date "1978.??.??"]
[Round "1.2"]
[White "Haahr, Merete"]
[Black "Ivanka Budinsky, Maria"]
[Result "0-1"]
[WhiteElo "2020"]
[BlackElo "2250"]
[PlyCount "72"]
[EventDate "1978.10.??"]
[EventType "team"]
[EventRounds "7"]
[EventCountry "ARG"]
[SourceTitle "EXT 2000"]
[Source "ChessBase"]
[SourceDate "1999.11.16"]
[SourceVersion "1"]
[SourceVersionDate "1999.11.16"]
[SourceQuality "1"]
[WhiteTeam "Danmark"]
[BlackTeam "Ungarn"]

1. Nc3 c5 2. e4 Nc6 3. f4 d6 4. Nf3 g6 5. d3 Bg7 6. Be2 e6 7. O-O Nge7 8. Rb1
O-O 9. Be3 Nd4 10. Qd2 Nec6 11. Nd1 b5 12. c3 Nxe2+ 13. Qxe2 b4 14. c4 Re8 15.
Qf2 Qc7 16. Kh1 f5 17. b3 Bb7 18. Qc2 a5 19. Nf2 a4 20. Rfd1 axb3 21. axb3 Qb6
22. Bc1 Nd4 23. Nxd4 Bxd4 24. Re1 Ra5 25. Bb2 Ra2 26. Nd1 fxe4 27. dxe4 Rf8 28.
Qc1 e5 29. f5 Qd8 30. Bxd4 cxd4 31. Nb2 gxf5 32. exf5 Rxf5 33. c5 dxc5 34. Qxc5
Bxg2+ 35. Kg1 Bd5 36. Qc1 Rg5+ 0-1

[Event "Buenos Aires ol (Women) prel"]
[Site "Buenos Aires"]
[Date "1978.??.??"]
[Round "1.3"]
[White "Makai, Zsuzsa"]
[Black "Larsen, Ingrid"]
[Result "1-0"]
[WhiteElo "2240"]
[BlackElo "1930"]
[PlyCount "73"]
[EventDate "1978.10.??"]
[EventType "team"]
[EventRounds "7"]
[EventCountry "ARG"]
[SourceTitle "EXT 2002"]
[Source "ChessBase"]
[SourceDate "2001.11.25"]
[SourceVersion "1"]
[SourceVersionDate "2001.11.25"]
[SourceQuality "1"]
[WhiteTeam "Ungarn"]
[BlackTeam "Danmark"]

1. Nf3 Nc6 2. c4 Nf6 3. Nc3 d5 4. cxd5 Nxd5 5. g3 e6 6. Bg2 g6 7. O-O Bg7 8. d4
O-O 9. a3 Nde7 10. e3 b6 11. b4 Bb7 12. Bb2 Nf5 13. Qc2 Nce7 14. Rfd1 c6 15.
Ne2 Rc8 16. Rac1 Rc7 17. e4 Nd6 18. Ne5 Qc8 19. Qb3 Rd8 20. f4 Ba6 21. Re1 c5
22. dxc5 bxc5 23. bxc5 Rxc5 24. Bd4 Rxc1 25. Rxc1 Nc4 26. Bxa7 Qa8 27. Bc5 Nd2
28. Qe3 Bf8 29. Nd4 Bb7 30. Qxd2 f6 31. Ng4 Nc6 32. Bb6 Nxd4 33. Nxf6+ Kf7 34.
Rc7+ Be7 35. Bxd4 Qa4 36. Rxe7+ Kxe7 37. Bc5+ 1-0

[Event "Buenos Aires ol (Women) prel"]
[Site "Buenos Aires"]
[Date "1978.??.??"]
[Round "2.1"]
[White "Hoiberg, Nina"]
[Black "Houstoun, Lynne"]
[Result "1-0"]
[WhiteElo "1950"]
[BlackElo "1800"]
[PlyCount "77"]
[EventDate "1978.10.??"]
[EventType "team"]
[EventRounds "7"]
[EventCountry "ARG"]
[SourceTitle "EXT 2000"]
[Source "ChessBase"]
[SourceDate "1999.11.16"]
[SourceVersion "1"]
[SourceVersionDate "1999.11.16"]
[SourceQuality "1"]
[WhiteTeam "Danmark"]
[BlackTeam "Scotland"]

1. e4 Nf6 2. e5 Nd5 3. d4 d6 4. c4 Nb6 5. exd6 exd6 6. Nf3 Bg4 7. Be2 Be7 8.
O-O O-O 9. Be3 Nc6 10. Qc2 Bf6 11. d5 Bxf3 12. Bxf3 Ne5 13. Be2 Qd7 14. f4 Ng4
15. Bxg4 Qxg4 16. Rf3 Rfe8 17. Bf2 Re7 18. Nc3 Nxc4 19. Ne4 Rxe4 20. Qxe4 Nd2
21. h3 Qxf3 22. Qxf3 Nxf3+ 23. gxf3 a6 24. Rc1 Rc8 25. b4 c6 26. a4 Kf8 27. b5
axb5 28. dxc6 Rxc6 29. Rxc6 bxc6 30. a5 b4 31. a6 b3 32. a7 b2 33. a8=Q+ Ke7
34. Qb7+ Ke6 35. Qb3+ d5 36. Bc5 Kf5 37. Qd3+ Ke6 38. Ba3 g6 39. Qe2+ 1-0

[Event "Buenos Aires ol (Women) prel"]
[Site "Buenos Aires"]
[Date "1978.??.??"]
[Round "2.2"]
[White "Hindle, Kathleen"]
[Black "Haahr, Merete"]
[Result "1/2-1/2"]
[WhiteElo "1810"]
[BlackElo "2020"]
[PlyCount "138"]
[EventDate "1978.10.??"]
[EventType "team"]
[EventRounds "7"]
[EventCountry "ARG"]
[SourceTitle "EXT 2000"]
[Source "ChessBase"]
[SourceDate "1999.11.16"]
[SourceVersion "1"]
[SourceVersionDate "1999.11.16"]
[SourceQuality "1"]
[WhiteTeam "Scotland"]
[BlackTeam "Danmark"]

1. d4 Nf6 2. Bf4 e6 3. Nf3 Nc6 4. e3 Be7 5. Nbd2 d5 6. Bb5 Bd7 7. c3 O-O 8. h3
Ne8 9. e4 Nd6 10. Bd3 dxe4 11. Nxe4 Nxe4 12. Bxe4 Bd6 13. Be3 f5 14. Bc2 Qe8
15. Qd3 e5 16. dxe5 Nxe5 17. Nxe5 Qxe5 18. O-O-O Bc6 19. Bd4 Qa5 20. Bb3+ Kh8
21. Qd2 Be5 22. Rhe1 Rae8 23. Bxe5 Rxe5 24. Qg5 Rxe1 25. Rxe1 h6 26. Qg3 Qc5
27. Rd1 Qe7 28. f3 Qe3+ 29. Kb1 Re8 30. Bf7 Be4+ 31. Ka1 Bc2 32. Rh1 f4 33. Qh4
Re7 34. Bb3 Bxb3 35. axb3 Qe6 36. Qxf4 c5 37. Rd1 b5 38. Rd8+ Kh7 39. Rd1 c4
40. bxc4 bxc4 41. g4 Qa6+ 42. Kb1 Qg6+ 43. Qf5 Qxf5+ 44. gxf5 Kg8 45. Rd4 Rc7
46. Kc2 Kf7 47. Kd2 Kf6 48. Rd5 Rb7 49. Kc2 Rc7 50. h4 h5 51. f4 Re7 52. Rd4
Re2+ 53. Kc1 Rh2 54. Rxc4 Rxh4 55. Ra4 Kxf5 56. Rxa7 g6 57. b4 Rxf4 58. b5 Ke5
59. Kd2 h4 60. b6 Kd6 61. Rh7 g5 62. b7 Rf2+ 63. Kc1 Rf8 64. Rg7 Rh8 65. Rxg5
Kc7 66. Rg2 Kxb7 67. Rh2 Kc6 68. Kd2 Kd5 69. Ke3 Ke5 1/2-1/2

[Event "Buenos Aires ol (Women) prel"]
[Site "Buenos Aires"]
[Date "1978.??.??"]
[Round "2.3"]
[White "Larsen, Ingrid"]
[Black "Elder, Nancy"]
[Result "1-0"]
[WhiteElo "2500"]
[BlackElo "1830"]
[PlyCount "97"]
[EventDate "1978.10.??"]
[EventType "team"]
[EventRounds "7"]
[EventCountry "ARG"]
[SourceTitle "EXT 2002"]
[Source "ChessBase"]
[SourceDate "2001.11.25"]
[SourceVersion "1"]
[SourceVersionDate "2001.11.25"]
[SourceQuality "1"]
[WhiteTeam "Danmark"]
[BlackTeam "Scotland"]

1. c4 e5 2. Nc3 Nc6 3. Nf3 Nf6 4. d3 h6 5. g3 Bc5 6. e3 O-O 7. a3 a5 8. Bg2 d6
9. O-O Bg4 10. Qc2 Rb8 11. Nd2 Qd7 12. Nde4 Nxe4 13. Nxe4 Bb6 14. Nc3 Ne7 15.
Nd5 Nxd5 16. Bxd5 Bh3 17. Bg2 Bxg2 18. Kxg2 f5 19. b4 c5 20. bxa5 Bxa5 21. a4
Rbe8 22. Qb3 Qc6+ 23. f3 e4 24. dxe4 fxe4 25. f4 Bb4 26. Qd1 Ra8 27. Rf2 Ra5
28. Bd2 Bxd2 29. Rxd2 Ra6 30. a5 Rfa8 31. Rda2 Kf8 32. Qb3 Qc7 33. Qd1 b6 34.
Qd5 Qe7 35. Ra3 bxa5 36. Rb1 Rd8 37. Rb7 Rd7 38. Qf5+ Ke8 39. Rxd7 Qxd7 40.
Qxe4+ Kf7 41. Rb3 Ra7 42. Rb8 Qe7 43. Qd5+ Kg6 44. e4 Qd7 45. f5+ Kh5 46. Qd1+
Kg5 47. h4+ Kf6 48. Qd5 Qe7 49. Rf8+ 1-0

[Event "Buenos Aires ol (Women) prel"]
[Site "Buenos Aires"]
[Date "1978.??.??"]
[Round "3.1"]
[White "Faessler, Marie"]
[Black "Hoiberg, Nina"]
[Result "0-1"]
[WhiteElo "1800"]
[BlackElo "1950"]
[PlyCount "142"]
[EventDate "1978.10.??"]
[EventType "team"]
[EventRounds "7"]
[EventCountry "ARG"]
[SourceTitle "EXT 2000"]
[Source "ChessBase"]
[SourceDate "1999.11.16"]
[SourceVersion "1"]
[SourceVersionDate "1999.11.16"]
[SourceQuality "1"]
[WhiteTeam "Monaco"]
[BlackTeam "Danmark"]

1. d4 Nf6 2. Nf3 d5 3. g3 g6 4. Bg2 Bg7 5. O-O O-O 6. c3 c6 7. Nbd2 Bf5 8. Nh4
Bd7 9. f4 Ng4 10. Nb3 b6 11. e4 dxe4 12. Bxe4 Nf6 13. Bg2 e6 14. Re1 Na6 15.
Qe2 Nc7 16. Be3 Ncd5 17. Bf2 a5 18. Nd2 b5 19. a3 Bc8 20. Nb3 Nd7 21. c4 bxc4
22. Qxc4 Qb6 23. Bxd5 cxd5 24. Qc2 Rb8 25. Nc5 Qxb2 26. Qxb2 Rxb2 27. Nxd7 Bxd7
28. Nf3 Rc8 29. Rec1 Rc4 30. Rxc4 dxc4 31. Be1 Bc6 32. Ne5 Bxe5 33. dxe5 Rg2+
34. Kf1 Rxh2 35. Bf2 Rh1+ 36. Bg1 h5 37. Rc1 h4 38. gxh4 Rxh4 39. Be3 Rh1+ 40.
Ke2 Rh2+ 41. Bf2 Kg7 42. Rc3 Rh8 43. Bb6 a4 44. Bc5 Rb8 45. Bb4 f6 46. exf6+
Kxf6 47. Ke3 Bb5 48. Bd6 Rd8 49. Be5+ Kf5 50. Bc7 Rd7 51. Bb8 Rh7 52. Kd4 Rd7+
53. Ke3 Ba6 54. Kf3 Rb7 55. Bd6 Rb3 56. Bb4 Rb1 57. Bd6 Rd1 58. Bc7 Bb7+ 59.
Ke2 Rb1 60. Ke3 Bd5 61. Kd4 Rd1+ 62. Ke3 Rg1 63. Kd4 Rd1+ 64. Ke3 Re1+ 65. Kd2
Rb1 66. Ke3 Rb3 67. Kd4 g5 68. fxg5 e5+ 69. Bxe5 Rxc3 70. Bf6 Rd3+ 71. Kc5 c3
0-1

[Event "Buenos Aires ol (Women) prel"]
[Site "Buenos Aires"]
[Date "1978.??.??"]
[Round "3.2"]
[White "Haahr, Merete"]
[Black "Santoy, Claude"]
[Result "1/2-1/2"]
[WhiteElo "2020"]
[BlackElo "1800"]
[PlyCount "107"]
[EventDate "1978.10.??"]
[EventType "team"]
[EventRounds "7"]
[EventCountry "ARG"]
[SourceTitle "EXT 2000"]
[Source "ChessBase"]
[SourceDate "1999.11.16"]
[SourceVersion "1"]
[SourceVersionDate "1999.11.16"]
[SourceQuality "1"]
[WhiteTeam "Danmark"]
[BlackTeam "Monaco"]

1. Nc3 d5 2. e4 dxe4 3. Nxe4 e6 4. d3 Be7 5. Nf3 Nf6 6. Nxf6+ Bxf6 7. Be2 c5 8.
O-O O-O 9. Be3 b6 10. c3 Nc6 11. Qc2 Bb7 12. Rad1 Qc7 13. d4 cxd4 14. Nxd4 Nxd4
15. Bxd4 Bxd4 16. Rxd4 Rfd8 17. Rfd1 e5 18. R4d3 Rxd3 19. Qxd3 Bc6 20. Bg4 g6
21. Qc4 Qb7 22. b4 Kg7 23. b5 Be8 24. Qe2 Qc7 25. Qe4 Rb8 26. Qd3 f5 27. Be2
Rc8 28. c4 Bf7 29. Qd7 Kf8 30. Qxc7 Rxc7 31. Rd8+ Kg7 32. Kf1 Bxc4 33. Bxc4
Rxc4 34. Rd7+ Kg8 35. Rxa7 Rd4 36. Ra6 Rd1+ 37. Ke2 Ra1 38. g3 Rb1 39. a4 Rb2+
40. Kf1 Rb1+ 41. Kg2 Rb4 42. Rxb6 Rxa4 43. Rb7 e4 44. b6 Rb4 45. Kf1 Kf8 46.
Rb8+ Ke7 47. b7 Kd7 48. Rh8 Rxb7 49. Rxh7+ Kc6 50. Rxb7 Kxb7 51. Ke2 Kc6 52. h4
Kd5 53. Kd2 Kd4 54. Ke2 1/2-1/2

[Event "Buenos Aires ol (Women) prel"]
[Site "Buenos Aires"]
[Date "1978.??.??"]
[Round "3.3"]
[White "Haumeder, Colette"]
[Black "Larsen, Ingrid"]
[Result "0-1"]
[WhiteElo "1800"]
[BlackElo "1930"]
[PlyCount "56"]
[EventDate "1978.10.??"]
[EventType "team"]
[EventRounds "7"]
[EventCountry "ARG"]
[SourceTitle "EXT 2000"]
[Source "ChessBase"]
[SourceDate "1999.11.16"]
[SourceVersion "1"]
[SourceVersionDate "1999.11.16"]
[SourceQuality "1"]
[WhiteTeam "Monaco"]
[BlackTeam "Danmark"]

1. e4 e5 2. Nf3 d6 3. Bc4 Nf6 4. Ng5 d5 5. exd5 Nxd5 6. Nxf7 Kxf7 7. Qf3+ Ke6
8. Nc3 c6 9. d4 Bb4 10. Qg4+ Kf7 11. Qf3+ Kg8 12. dxe5 Be6 13. O-O Bxc3 14.
bxc3 Nd7 15. Bf4 Qe7 16. Bb3 Rf8 17. g3 g5 18. Kh1 h5 19. Qd1 gxf4 20. gxf4
Rxf4 21. Rg1+ Rg4 22. Qd3 Kf8 23. Bxd5 Bxd5+ 24. f3 Qf7 25. Raf1 Rhg8 26. Qe3
Rxg1+ 27. Qxg1 Rxg1+ 28. Kxg1 Nxe5 0-1

[Event "Buenos Aires ol (Women) prel"]
[Site "Buenos Aires"]
[Date "1978.??.??"]
[Round "4.1"]
[White "Hoiberg, Nina"]
[Black "Savereide, Diane"]
[Result "1/2-1/2"]
[WhiteElo "1950"]
[BlackElo "2160"]
[PlyCount "80"]
[EventDate "1978.10.??"]
[EventType "team"]
[EventRounds "7"]
[EventCountry "ARG"]
[SourceTitle "EXT 2000"]
[Source "ChessBase"]
[SourceDate "1999.11.16"]
[SourceVersion "1"]
[SourceVersionDate "1999.11.16"]
[SourceQuality "1"]
[WhiteTeam "Danmark"]
[BlackTeam "USA"]

1. e4 c5 2. Nf3 e6 3. d4 cxd4 4. Nxd4 Nc6 5. Be2 Nf6 6. Nc3 Bb4 7. O-O Bxc3 8.
bxc3 Nxe4 9. Nb5 a6 10. Nd6+ Nxd6 11. Qxd6 Qe7 12. Ba3 Qxd6 13. Bxd6 b5 14. a4
Bb7 15. axb5 axb5 16. Rxa8+ Bxa8 17. Bxb5 f6 18. Re1 Kf7 19. c4 Rc8 20. Ba6 Re8
21. f3 Ne7 22. Bb5 Bc6 23. Ra1 Nf5 24. Ra7 Kg6 25. Bxc6 dxc6 26. c5 Rd8 27. Rc7
Nxd6 28. cxd6 Rxd6 29. c4 h5 30. c5 Rd2 31. Rxc6 Kf5 32. Rb6 Rc2 33. c6 g5 34.
h3 Ke5 35. h4 gxh4 36. Kh2 Kf4 37. c7 Rxc7 38. Rxe6 f5 39. Re1 Rc2 40. Kh3 Kg5
1/2-1/2

[Event "Buenos Aires ol (Women) prel"]
[Site "Buenos Aires"]
[Date "1978.??.??"]
[Round "4.2"]
[White "Haring Orton, Ruth Inez"]
[Black "Haahr, Merete"]
[Result "1-0"]
[WhiteElo "2070"]
[BlackElo "2020"]
[PlyCount "112"]
[EventDate "1978.10.??"]
[EventType "team"]
[EventRounds "7"]
[EventCountry "ARG"]
[SourceTitle "EXT 2000"]
[Source "ChessBase"]
[SourceDate "1999.11.16"]
[SourceVersion "1"]
[SourceVersionDate "1999.11.16"]
[SourceQuality "1"]
[WhiteTeam "USA"]
[BlackTeam "Danmark"]

1. e4 e5 2. Nf3 d6 3. d4 exd4 4. Nxd4 g6 5. Bc4 Nc6 6. O-O Bg7 7. c3 Bd7 8. Be3
Nf6 9. f3 O-O 10. Na3 Ne5 11. Bb3 a6 12. Qd2 Qe7 13. Rad1 Rae8 14. Bg5 Nc6 15.
Nxc6 Bxc6 16. Nc2 Qe5 17. Bf4 Qh5 18. Nd4 Bd7 19. Rde1 h6 20. Bc2 Kh7 21. Bg3
Qa5 22. Bb1 Nh5 23. Bf2 Qe5 24. Be3 c5 25. Ne2 Qe7 26. Rd1 Bb5 27. Rfe1 Rd8 28.
Nf4 Nxf4 29. Bxf4 Be5 30. Qe3 Rfe8 31. Rd2 Bc6 32. Red1 Bxf4 33. Qxf4 d5 34.
exd5 Rxd5 35. Rxd5 Bxd5 36. Qd2 Bc4 37. b3 Bb5 38. Be4 f5 39. Bd5 Rd8 40. c4
Bc6 41. Re1 Qf6 42. Rd1 Bxd5 43. cxd5 Qd6 44. Qe3 Kg7 45. Qc3+ Kf7 46. Qe3 f4
47. Qd2 Re8 48. h3 b5 49. Kh2 Kf6 50. Qc3+ Kg5 51. Qg7 c4 52. bxc4 bxc4 53. Qd4
Rc8 54. Re1 Kf5 55. Re6 Qb8 56. Qe4+ Kg5 1-0

[Event "Buenos Aires ol (Women) prel"]
[Site "Buenos Aires"]
[Date "1978.??.??"]
[Round "4.3"]
[White "Larsen, Ingrid"]
[Black "Herstein, Ruth"]
[Result "0-1"]
[WhiteElo "1930"]
[BlackElo "2080"]
[PlyCount "88"]
[EventDate "1978.10.??"]
[EventType "team"]
[EventRounds "7"]
[EventCountry "ARG"]
[SourceTitle "EXT 2000"]
[Source "ChessBase"]
[SourceDate "1999.11.16"]
[SourceVersion "1"]
[SourceVersionDate "1999.11.16"]
[SourceQuality "1"]
[WhiteTeam "Danmark"]
[BlackTeam "USA"]

1. d4 Nf6 2. Nf3 g6 3. c4 c5 4. d5 b5 5. cxb5 a6 6. Nc3 axb5 7. Qc2 b4 8. Ne4
Nxe4 9. Qxe4 d6 10. e3 Bg7 11. Bb5+ Bd7 12. Bxd7+ Nxd7 13. O-O O-O 14. Qd3 Nb6
15. Nd2 Ra7 16. Nc4 Qc7 17. Rd1 Rb8 18. Nxb6 Qxb6 19. Qc4 Qa6 20. Qxa6 Rxa6 21.
Kf1 c4 22. a3 f5 23. Ra2 c3 24. bxc3 b3 25. Rb2 Bxc3 26. Rb1 b2 27. Bd2 Rxa3
28. Bxc3 Rxc3 29. Ke2 Kf7 30. Rd2 Rcb3 31. Rd3 Kf6 32. f4 g5 33. g3 g4 34. Kd2
R8b5 35. Rxb3 Rxb3 36. Ke2 Rb5 37. Ke1 Rb3 38. Kd2 h6 39. Kc2 Rxe3 40. Rxb2
Re2+ 41. Kc3 Rxb2 42. Kxb2 e5 43. dxe6 Kxe6 44. Kc3 Kd5 0-1

[Event "Buenos Aires ol (Women) prel"]
[Site "Buenos Aires"]
[Date "1978.??.??"]
[Round "5.1"]
[White "Laakmann, Anni"]
[Black "Hoiberg, Nina"]
[Result "1/2-1/2"]
[WhiteElo "2160"]
[BlackElo "1950"]
[PlyCount "69"]
[EventDate "1978.10.??"]
[EventType "team"]
[EventRounds "7"]
[EventCountry "ARG"]
[SourceTitle "EXT 2000"]
[Source "ChessBase"]
[SourceDate "1999.11.16"]
[SourceVersion "1"]
[SourceVersionDate "1999.11.16"]
[SourceQuality "1"]
[WhiteTeam "Vesttyskland"]
[BlackTeam "Danmark"]

1. e4 e5 2. Nf3 Nc6 3. Bb5 a6 4. Ba4 d6 5. c3 f5 6. Bxc6+ bxc6 7. Qa4 Bd7 8.
exf5 Qf6 9. O-O Be7 10. Re1 Qxf5 11. d3 Qxd3 12. Na3 Qf5 13. Qb3 Nf6 14. Nc2
Nd5 15. Ne3 Qf7 16. Nxd5 cxd5 17. Ng5 Bxg5 18. Bxg5 O-O 19. Bh4 Rab8 20. Qc2 c5
21. Rad1 d4 22. cxd4 Qxa2 23. Ra1 Qxb2 24. Qxb2 Rxb2 25. dxc5 dxc5 26. Rxa6 c4
27. Ra7 Bf5 28. Rc7 Rc8 29. Rxc8+ Bxc8 30. Bg3 e4 31. f3 c3 32. fxe4 c2 33. Bf4
Bb7 34. Bc1 Rb1 35. e5 1/2-1/2

[Event "Buenos Aires ol (Women) prel"]
[Site "Buenos Aires"]
[Date "1978.??.??"]
[Round "5.2"]
[White "Haahr, Merete"]
[Black "Fischdick, Gisela"]
[Result "0-1"]
[WhiteElo "2020"]
[BlackElo "2195"]
[PlyCount "85"]
[EventDate "1978.10.??"]
[EventType "team"]
[EventRounds "7"]
[EventCountry "ARG"]
[SourceTitle "EXT 2000"]
[Source "ChessBase"]
[SourceDate "1999.11.16"]
[SourceVersion "1"]
[SourceVersionDate "1999.11.16"]
[SourceQuality "1"]
[WhiteTeam "Danmark"]
[BlackTeam "Vesttyskland"]

1. Nc3 c5 2. e4 Nc6 3. f4 e6 4. Bc4 a6 5. a4 d6 6. Nf3 Nge7 7. d3 g6 8. O-O Bg7
9. Qe1 O-O 10. e5 dxe5 11. fxe5 Nxe5 12. Nxe5 Qd4+ 13. Be3 Qxe5 14. Qf2 Qxe3
15. Qxe3 Bd4 16. Rae1 Nf5 17. Qxd4 cxd4 18. Nd1 Bd7 19. a5 Bc6 20. Rf4 Rad8 21.
Re5 h5 22. g3 Kg7 23. Bb3 Rd6 24. Rf1 Re8 25. Rfe1 Bd7 26. Nf2 f6 27. Rc5 Bc6
28. Ne4 Rdd8 29. Kf2 e5 30. Nd2 Ne3 31. Nc4 Nxc4 32. Bxc4 Rc8 33. Bb3 Kf8 34.
c3 dxc3 35. bxc3 Bb5 36. Rxc8 Rxc8 37. c4 Bc6 38. h4 Rd8 39. Ke3 Ke7 40. Rc1
Rd4 41. Bd1 f5 42. Be2 Kd6 43. c5+ 0-1

[Event "Buenos Aires ol (Women) prel"]
[Site "Buenos Aires"]
[Date "1978.??.??"]
[Round "5.3"]
[White "Weichert Joerger, Hannelore"]
[Black "Larsen, Ingrid"]
[Result "1/2-1/2"]
[WhiteElo "2030"]
[BlackElo "1930"]
[PlyCount "81"]
[EventDate "1978.10.??"]
[EventType "team"]
[EventRounds "7"]
[EventCountry "ARG"]
[SourceTitle "EXT 2002"]
[Source "ChessBase"]
[SourceDate "2001.11.25"]
[SourceVersion "1"]
[SourceVersionDate "2001.11.25"]
[SourceQuality "1"]
[WhiteTeam "Vesttyskland"]
[BlackTeam "Danmark"]

1. e4 c5 2. Nf3 Nc6 3. d3 d6 4. g3 g6 5. Bg2 Bg7 6. O-O Nf6 7. Nh4 O-O 8. f4 e6
9. Nc3 a6 10. f5 exf5 11. exf5 Nd4 12. g4 Rb8 13. g5 Nh5 14. f6 Bh8 15. Nd5 Re8
16. Ne7+ Kf8 17. c3 Ne6 18. Be4 Rxe7 19. fxe7+ Qxe7 20. Bxg6 Nhf4 21. Be4 Qxg5+
22. Ng2 Be5 23. Kh1 h5 24. Qf3 Qxg2+ 25. Qxg2 Nxg2 26. Kxg2 Ke7 27. Rf2 Bd7 28.
Be3 b5 29. Raf1 f6 30. Rd1 Rg8+ 31. Kh1 Rg4 32. Rg1 Ng5 33. Rxg4 Bxg4 34. Bxg5
fxg5 35. Kg2 Bf4 36. Bf3 Bf5 37. Re2+ Kf6 38. Be4 Bg4 39. Bf3 Bf5 40. Be4 Bg4
41. Bf3 1/2-1/2

[Event "Buenos Aires ol (Women) prel"]
[Site "Buenos Aires"]
[Date "1978.??.??"]
[Round "6.1"]
[White "Hoiberg, Nina"]
[Black "Thorsteinsdottir, Gudlaug"]
[Result "1/2-1/2"]
[WhiteElo "1950"]
[BlackElo "1800"]
[PlyCount "67"]
[EventDate "1978.10.??"]
[EventType "team"]
[EventRounds "7"]
[EventCountry "ARG"]
[SourceTitle "EXT 2000"]
[Source "ChessBase"]
[SourceDate "1999.11.16"]
[SourceVersion "1"]
[SourceVersionDate "1999.11.16"]
[SourceQuality "1"]
[WhiteTeam "Danmark"]
[BlackTeam "Island"]

1. e4 e5 2. Nf3 Nc6 3. Bc4 Nf6 4. d4 exd4 5. e5 d5 6. Bb5 Nd7 7. O-O Be7 8. e6
fxe6 9. Bxc6 bxc6 10. Nxd4 Nf6 11. Nxc6 Qd6 12. Nxe7 Qxe7 13. Bf4 O-O 14. Be5
Ba6 15. Re1 Ne4 16. f3 Nd6 17. Qd4 Nf5 18. Qc3 Rab8 19. Nd2 Qb4 20. Qxb4 Rxb4
21. Nb3 Kf7 22. c3 Rb6 23. Bxc7 Rb7 24. Be5 Bc4 25. Na5 Rxb2 26. Nxc4 dxc4 27.
Reb1 Re2 28. Rb7+ Kg6 29. f4 Rf7 30. Rxf7 Kxf7 31. Rb1 Rxa2 32. Rb7+ Kf8 33.
Rb8+ Kf7 34. Rb7+ 1/2-1/2

[Event "Buenos Aires ol (Women) prel"]
[Site "Buenos Aires"]
[Date "1978.??.??"]
[Round "6.2"]
[White "Threinsdottir, Oloev"]
[Black "Haahr, Merete"]
[Result "0-1"]
[WhiteElo "1800"]
[BlackElo "2020"]
[PlyCount "76"]
[EventDate "1978.10.??"]
[EventType "team"]
[EventRounds "7"]
[EventCountry "ARG"]
[SourceTitle "EXT 2000"]
[Source "ChessBase"]
[SourceDate "1999.11.16"]
[SourceVersion "1"]
[SourceVersionDate "1999.11.16"]
[SourceQuality "1"]
[WhiteTeam "Island"]
[BlackTeam "Danmark"]

1. d4 Nf6 2. c4 Nc6 3. Nc3 e5 4. d5 Nb8 5. e4 Bb4 6. Qc2 O-O 7. Bd2 a5 8. Nf3
d6 9. h3 Nbd7 10. Be3 Nc5 11. Nd2 Bxc3 12. bxc3 b6 13. Be2 Ne8 14. O-O f5 15.
f4 exf4 16. Bxf4 g5 17. Be3 f4 18. Bd4 Qe7 19. Rf2 Nf6 20. Bf3 Nfd7 21. Re1 Ne5
22. Bd1 Ba6 23. Bxe5 dxe5 24. Be2 h6 25. Bd3 Nd7 26. Ref1 Rf6 27. Nf3 Raf8 28.
Nh2 Rg6 29. Qe2 Nf6 30. Qf3 Bc8 31. Re1 g4 32. hxg4 Nxg4 33. Rff1 Kh7 34. Rb1
Nxh2 35. Kxh2 Qh4+ 36. Kg1 Rfg8 37. Rb2 Rg3 38. Qd1 Rh3 0-1

[Event "Buenos Aires ol (Women) prel"]
[Site "Buenos Aires"]
[Date "1978.??.??"]
[Round "6.3"]
[White "Larsen, Ingrid"]
[Black "Nordahl, Birna"]
[Result "1-0"]
[WhiteElo "1930"]
[BlackElo "1800"]
[PlyCount "77"]
[EventDate "1978.10.??"]
[EventType "team"]
[EventRounds "7"]
[EventCountry "ARG"]
[SourceTitle "EXT 2000"]
[Source "ChessBase"]
[SourceDate "1999.11.16"]
[SourceVersion "1"]
[SourceVersionDate "1999.11.16"]
[SourceQuality "1"]
[WhiteTeam "Danmark"]
[BlackTeam "Island"]

1. d4 d5 2. e3 Nf6 3. Bd3 g6 4. Nd2 Bg7 5. c3 O-O 6. Ngf3 Nc6 7. O-O Re8 8. e4
dxe4 9. Nxe4 Bg4 10. h3 Bxf3 11. Qxf3 Nd5 12. Bc4 Nf6 13. Re1 Na5 14. Bd3 b6
15. b4 Nb7 16. Nxf6+ exf6 17. Rxe8+ Qxe8 18. Be4 Bf8 19. Bd2 Rd8 20. Bxb7 Qe6
21. a3 Bd6 22. Re1 Qf5 23. Qxf5 gxf5 24. Bc6 Kg7 25. Re8 Rxe8 26. Bxe8 c5 27.
dxc5 bxc5 28. Be3 cxb4 29. axb4 Bb8 30. b5 Kf8 31. Bd7 f4 32. Bd4 Ke7 33. Bf5
h6 34. c4 Kd6 35. Be4 Kd7 36. c5 Ke7 37. Bf5 Be5 38. c6 Bb8 39. Bxa7 1-0

[Event "Buenos Aires ol (Women) prel"]
[Site "Buenos Aires"]
[Date "1978.??.??"]
[Round "7.1"]
[White "Soppe, Edith"]
[Black "Hoiberg, Nina"]
[Result "0-1"]
[WhiteElo "1920"]
[BlackElo "1950"]
[PlyCount "48"]
[EventDate "1978.10.??"]
[EventType "team"]
[EventRounds "7"]
[EventCountry "ARG"]
[SourceTitle "EXT 2000"]
[Source "ChessBase"]
[SourceDate "1999.11.16"]
[SourceVersion "1"]
[SourceVersionDate "1999.11.16"]
[SourceQuality "1"]
[WhiteTeam "Argentina"]
[BlackTeam "Danmark"]

1. e4 e5 2. Nf3 Nc6 3. d4 exd4 4. c3 d5 5. exd5 Qxd5 6. cxd4 Bg4 7. Be2 Nf6 8.
Nc3 Bb4 9. Bd2 Bxc3 10. bxc3 O-O 11. O-O Rfe8 12. Be3 Ne4 13. Qd3 Qa5 14. Rfc1
Rad8 15. Qc2 Rd7 16. Rcb1 Nxc3 17. Bd3 Nxb1 18. Rxb1 Bxf3 19. Bxh7+ Kh8 20.
gxf3 Nxd4 21. Qc4 Nxf3+ 22. Kg2 Qh5 23. Bc2 Nh4+ 24. Kf1 Rxe3 0-1